00679nam a2200205Ia 4500999001500000020001800015082001900033245005300052260005800105300001400163504001900177650002500196650002100221650004900242700001700291700001900308700001400327942000700341952012500348 c6350d6350 a9789812308689 a306.80954 RIS- 0aRising India and Indian communities in East Asia aSingaporebInstitute of Southeast Asian Studiesc2008 axxvi, 720 aincludes index aIndians in East Asia aCommunityzIndia aIndiavForeign economic relationszEast Asia aRamasamy, P. aKesavapany, K. aMani, A. cBK 00104070aNASSDOCbNASSDOCd2009-01-19eBBSi2008-12-31l0o306.80954 RIS-p44906r2019-04-18 00:00:00w2019-04-18yBK